MARC

LEADER 00000cam a2200000 7i4500
001 0000048821
005 20190403093000.0
008 050620s1996 enk eng
020 |a 0582402115 
090 0 0 |a TK5105.5.U6   |b .G38 1996 
100 0 |a Gates, Bill ,   |d 1955- ,   |e author 
245 1 4 |a The road ahead   |c Bill Gates with Nathan Myhrvold, Peter Rinearson 
260 2 |a England :   |b Pearson Education Limited ,   |c c1996 
300 |a vii, 38 p. :   |b ill. ;   |c 20 cm. 
650 0 |a Computer industry   |z United States 
650 0 |a Computer networks   |z United States 
650 0 |a Information superhighway   |z United States 
650 0 |a Information technology   |z United States 
650 0 |a Telecommunication   |z United States 
700 1 |a Myhrvold, Nathan ,   |e author 
700 1 |a Rinearson, Peter ,   |d 1954- ,   |e author 
999 |a 1000101955   |b Book   |c OPEN SHELF (30 DAYS)   |e Gong Badak Campus